Dynamic techniques of sales management
| Main Author: | Patel, Vinod N |
|---|---|
| Other Authors: | Rana, Girish |
| Published: |
Jaipur, India:
Oxford Books,
2007.
|
| Subjects: |
| LEADER | 00539cam a2200169 7i4500 | ||
|---|---|---|---|
| 001 | 0000044859 | ||
| 005 | 20170218090000.0 | ||
| 020 | |a 9788189473020 (hbk.) | ||
| 090 | 0 | 0 | |a HF5438.25 |b .P39 2007 |
| 100 | 1 | |a Patel, Vinod N | |
| 245 | 1 | 0 | |a Dynamic techniques of sales management |c Vinod Patel and Girish Rana. |
| 260 | |a Jaipur, India: |b Oxford Books, |c 2007. | ||
| 300 | |a 262 p.; |c 25 cm. | ||
| 650 | 0 | 0 | |a Sales management |
| 700 | 1 | |a Rana, Girish | |
| 997 | |a Business & Accountancy, Faculty | ||
| 999 | |a 0000052826 |b BOK |c OPEN SHELF |e 1st Floor, Shah Alam | ||


